Largest Islands by Letter - V - Statistics

General Stats
  • This quiz has been taken 48 times
    28 since last reset
  • The average score is 3 of 6
Answer Stats
Area (sq km) Country Answer % Correct
217,291 Canada Victoria Island
100%
31,285 Canada Vancouver Island
77%
10,531 Fiji Viti Levu
64%
5,587 Fiji Vanua Levu
45%
3,329 Russia Vaygach Island
9%
1,126 Canada Île {Vanier}
5%
No matching quizzes found
Score Distribution
Percent of People with Each Score
Percentile by Number Answered
Your Score History
You have not taken this quiz since the last reset